| 000 | 00467nam a2200181Ia 4500 | ||
|---|---|---|---|
| 001 | 8556 | ||
| 005 | 20260306160618.0 | ||
| 008 | 260306t1997||||xx |||||||||||||| ||spa|| | ||
| 041 | _aESP | ||
| 082 |
_a371.104 _bP19 |
||
| 100 |
_aPalacios Vallejo, Maria Amelia _eAUT |
||
| 245 | 0 | _aConsideraciones para una política de desarrollo magisterial | |
| 260 | _c1997 | ||
| 300 |
_a181 páginas : _c20 cm. |
||
| 650 | _aGEN | ||
| 654 | _aCED | ||
| 942 |
_cLIB _dJUS _fJUS _2ddc _n |
||
| 999 |
_c8556 _d8556 |
||